Intercultural communication competence: (Record no. 19643)

MARC details
000 -LEADER
fixed length control field 01034cam a22002535a 4500
005 - DATE AND TIME OF LATEST TRANSACTION
control field 20071219163730.0
008 - FIXED-LENGTH DATA ELEMENTS--GENERAL INFORMATION
fixed length control field 990701s1999 txu 001 0 eng
010 ## - LCCN (DPL NO)
LC control number ENG-92101
020 ## - INTERNATIONAL STANDARD BOOK NUMBER
International Standard Book Number 0230633609
Terms of availability 750.00
020 ## - INTERNATIONAL STANDARD BOOK NUMBER
International Standard Book Number 9780230633605
Terms of availability 750.00
035 ## - SYSTEM CONTROL NUMBER
System control number EN-75634
037 ## - SOURCE OF ACQUISITION
Source of stock number/acquisition DBAD / PUB
040 ## - CATALOGING SOURCE
Original cataloging agency dpl
Language of cataloging English
082 ## - DEWEY DECIMAL CLASSIFICATION NUMBER
Classification number 303.482
245 ## - TITLE STATEMENT
Title Intercultural communication competence:
Statement of responsibility, etc edited by Thomas Schmalzer...[et al]
Remainder of title implications for learning and teaching in a globalized world /
260 ## - PUBLICATION, DISTRIBUTION, ETC. (IMPRINT)
Place of publication, distribution, etc New Delhi
Name of publisher, distributor, etc Macmillan India
Date of publication, distribution, etc 2007
300 ## - PHYSICAL DESCRIPTION
Extent xliii, 243p.
Dimensions 25 cm(Hb)
490 ## - SERIES STATEMENT
Series statement International learning
650 ## - SUBJECT ADDED ENTRY--TOPICAL TERM
Topical term or geographic name as entry element International communication
General subdivision Cross-cultural studies
650 ## - SUBJECT ADDED ENTRY--TOPICAL TERM
Topical term or geographic name as entry element Communicative competence
General subdivision Cross-cultural studies
700 ## - ADDED ENTRY--PERSONAL NAME
Personal name Schmalzer, Thomas
942 ## - ADDED ENTRY ELEMENTS (KOHA)
Source of classification or shelving scheme Dewey Decimal Classification
Item type English Books
Call number suffix LEA
Classification part 303.482
Holdings
Withdrawn status Lost status Source of classification or shelving scheme Damaged status Not for loan Collection code Home library Current library Date acquired Source of acquisition Cost, normal purchase price Total Checkouts Full call number Barcode Date last seen Copy number Cost, replacement price Koha item type
    Dewey Decimal Classification   Not For Loan Non-fiction D.B.Act.Division D.B.Act.Division 10/12/2008 DBAD / PUB 750.00   303.482 LEA EN-75634 10/12/2008 1 750.00 English Books

© Delhi Public Library
Hit Counter
free hit counter